000
00275nam a22000977a 4500
999
_c
526513
_d
526513
082
_a
SNT A6x54 C361
100
_a
Chandramouli, Anuja
_9
45774
245
_a
Saga of Pandava warrior-prince Arjuna
_b
By Chandramouli, Anuja
260
_a
Mumbai
_b
Leadstart
_c
2013
300
_a
363p